[Event "Bodensee op"]
[Site "Bregenz"]
[Date "2019.05.27"]
[Round "3"]
[White "Kock, Hans Uwe"]
[Black "Meertens, Martin"]
[Result "0-1"]
[WhiteElo "1931"]
[BlackElo "2174"]
[PlyCount "82"]
[EventDate "2019.05.25"]
[EventType "swiss"]
[EventRounds "9"]
[EventCountry "AUT"]
[SourceTitle "CBM 190 Extra"]
[Source "ChessBase"]
[SourceDate "2019.07.15"]
[SourceVersion "1"]
[SourceVersionDate "2019.07.15"]
[SourceQuality "1"]

1. d4 d5 2. Nf3 Nf6 3. Bf4 c6 4. Nbd2 Bf5 5. e3 Nbd7 6. Be2 h6 7. 0-0 e6 8. c4 Be7 9. cxd5 exd5 10. Rc1 0-0 11. Ne5 Re8 12. Ndf3 Nh5 13. Bg3 Nxg3 14. hxg3 Bd6 15. Nh4 Bh7 16. f4 Nf6 17. Nhf3 Ne4 18. Qe1 Qb6 19. Nd3 c5 20. dxc5 Nxc5 21. Nde5 Qxb2 22. Nd4 a6 23. Bh5 Re7 24. Rf2 Qb6 25. Bf3 Bxe5 26. fxe5 Nd3 27. Rb1 Qd8 28. Qf1 Nxf2 29. Kxf2 Rc8 30. Rd1 Rxe5 31. Rd2 Qg5 32. Qe1 Rce8 33. Nc2 Bxc2 34. Rxc2 Rxe3 35. Qc1 d4 36. Rc8 b5 37. Qc6 Qe7 38. Qxa6 Qb4 39. Rxe8+ Rxe8 40. Be4 Qd2+ 41. Kf1 Qc1+ 0-1

[Event "EU Small Countries ol 6th"]
[Site "San Marino"]
[Date "2019.03.27"]
[Round "5.5"]
[White "Simonsen, Hans Kristian"]
[Black "Kock, Hans Uwe"]
[Result "1-0"]
[WhiteElo "2147"]
[BlackElo "1963"]
[PlyCount "83"]
[EventDate "2019.03.24"]
[EventType "team-tourn"]
[EventRounds "9"]
[EventCountry "SMR"]
[SourceTitle "CBM 189 Extra"]
[Source "ChessBase"]
[SourceDate "2019.06.03"]
[SourceVersion "1"]
[SourceVersionDate "2019.06.03"]
[SourceQuality "1"]
[WhiteTeam "Faroe Islands"]
[BlackTeam "Liechtenstein"]
[WhiteTeamCountry "FAI"]
[BlackTeamCountry "LIE"]

1. g3 Nf6 2. Bg2 g6 3. e4 d6 4. c4 c5 5. Nc3 Nc6 6. Nge2 Bg7 7. d3 0-0 8. 0-0 Bd7 9. h3 Qc8 10. g4 h5 11. f3 hxg4 12. fxg4 Nh7 13. Be3 e6 14. g5 Nd4 15. h4 f5 16. Nf4 Qe8 17. Qd2 e5 18. Nfd5 f4 19. Bxd4 cxd4 20. Nb5 Qf7 21. Nxd6 Qe6 22. c5 Qg4 23. Ne7+ Kh8 24. Nxg6+ Kg8 25. Qd1 Rfd8 26. Qxg4 Bxg4 27. Bf3 Bh3 28. Rfc1 Rd7 29. Bd1 Nf8 30. Bb3+ Kh7 31. Nxf8+ Rxf8 32. Kf2 Kg6 33. Rh1 Bg4 34. Rag1 Bh5 35. Be6 Rxd6 36. cxd6 Rd8 37. Bf5+ Kf7 38. g6+ Kf6 39. Rg5 Rh8 40. Rc1 f3 41. Rc7 Bh6 42. Rf7# 1-0

[Event "Feffernitz op 26th"]
[Site "Feffernitz"]
[Date "2017.08.23"]
[Round "5"]
[White "Kock, Hans Uwe"]
[Black "Kainz, Josef"]
[Result "0-1"]
[WhiteElo "1979"]
[BlackElo "1832"]
[PlyCount "68"]
[EventDate "2017.08.20"]
[EventType "swiss"]
[EventRounds "9"]
[EventCountry "AUT"]
[SourceTitle "CBM 180 Extra"]
[Source "ChessBase"]
[SourceDate "2017.10.06"]
[SourceVersion "1"]
[SourceVersionDate "2017.10.06"]
[SourceQuality "1"]

1. d4 Nf6 2. c4 g6 3. Nc3 d5 4. h4 c5 5. dxc5 d4 6. Nb5 e5 7. Nd6+ Bxd6 8. cxd6 Qxd6 9. e3 Nc6 10. Be2 Be6 11. Nf3 d3 12. Bf1 Bxc4 13. Nd2 Be6 14. a3 e4 15. g3 0-0 16. Bg2 Qe5 17. 0-0 Bd5 18. Rb1 Qf5 19. b4 b5 20. Bb2 Rac8 21. Bxf6 Qxf6 22. Nxe4 Bxe4 23. Bxe4 Ne5 24. f4 Nc4 25. Re1 Rcd8 26. Kf2 Rfe8 27. Bf3 Qb6 28. g4 Nxe3 29. Rxe3 Qxe3+ 30. Kg3 Rd4 31. f5 Qf4+ 32. Kh3 Re3 33. Kg2 d2 34. Be2 Qg3+ 0-1

[Event "Feffernitz op 26th"]
[Site "Feffernitz"]
[Date "2017.08.20"]
[Round "2"]
[White "Okhotnik, Vladimir"]
[Black "Kock, Hans Uwe"]
[Result "1-0"]
[WhiteElo "2431"]
[BlackElo "1979"]
[PlyCount "81"]
[EventDate "2017.08.20"]
[EventType "swiss"]
[EventRounds "9"]
[EventCountry "AUT"]
[SourceTitle "CBM 180 Extra"]
[Source "ChessBase"]
[SourceDate "2017.10.06"]
[SourceVersion "1"]
[SourceVersionDate "2017.10.06"]
[SourceQuality "1"]

1. e4 c6 2. Nf3 d5 3. Nc3 dxe4 4. Nxe4 Nf6 5. Qe2 Nxe4 6. Qxe4 Nd7 7. d3 Nf6 8. Qe2 Bg4 9. h3 Bxf3 10. Qxf3 e6 11. Be2 Be7 12. 0-0 0-0 13. a4 Qd5 14. a5 Rfd8 15. a6 b6 16. Rd1 Rac8 17. Qg3 Kh8 18. Bd2 Bd6 19. Qe3 Qe5 20. Qxe5 Bxe5 21. Ra2 h6 22. g3 Nd5 23. Kg2 Bd6 24. c3 f5 25. Re1 e5 26. Ra4 b5 27. Raa1 Bc5 28. Bf3 Re8 29. g4 f4 30. h4 g6 31. b4 Bf8 32. Rab1 Nb6 33. Rbc1 Nd5 34. Re2 Bg7 35. c4 bxc4 36. Rxc4 Red8 37. b5 c5 38. Ba5 Rd6 39. Rec2 Bf8 40. Rxc5 Rxc5 41. Rxc5 1-0

[Event "WchT Seniors 50"]
[Site "Radebeul"]
[Date "2016.07.02"]
[Round "7.18"]
[White "Dettmann, Holger"]
[Black "Kock, Hans Uwe"]
[Result "0-1"]
[WhiteElo "2040"]
[BlackElo "2004"]
[PlyCount "92"]
[EventDate "2016.06.26"]
[EventType "team-swiss"]
[EventRounds "9"]
[EventCountry "GER"]
[SourceTitle "CBM 173 Extra"]
[Source "ChessBase"]
[SourceDate "2016.08.29"]
[SourceVersion "1"]
[SourceVersionDate "2016.08.29"]
[SourceQuality "1"]
[WhiteTeam "Dettmann"]
[BlackTeam "Liechtenstein"]
[WhiteTeamCountry "GER"]
[BlackTeamCountry "LIE"]

1. d4 Nf6 2. c4 g6 3. Nc3 Bg7 4. e4 d6 5. f3 0-0 6. Be3 e5 7. d5 a5 8. c5 Na6 9. Bxa6 Rxa6 10. Nge2 Ne8 11. 0-0 f5 12. Rc1 f4 13. Bf2 g5 14. Nb5 Rf7 15. Nec3 Bf8 16. cxd6 cxd6 17. Nb1 Bd7 18. N1a3 Rg7 19. Rc3 g4 20. fxg4 Bxg4 21. Qc2 Qg5 22. g3 Qh5 23. Nc7 Nxc7 24. Rxc7 Rg6 25. Rxb7 Ra8 26. Rb3 Bh6 27. Rc3 Rf8 28. Nc4 Bh3 29. Re1 fxg3 30. Rxg3 Qf3 31. Qe2 Qg2+ 32. Rxg2 Rxg2+ 33. Kh1 Rfxf2 34. Qxf2 Rxf2 35. Rg1+ Kf8 36. Nxd6 Bf4 37. Ra1 Rxh2+ 38. Kg1 Rxb2 39. Nc4 Re2 40. Nd6 Be3+ 41. Kh1 Bg2+ 42. Kh2 Bxe4+ 43. Kh3 Bxd5 44. Rf1+ Rf2 45. Re1 Bf4 46. Nf5 Be6 0-1

[Event "WchT Seniors 50"]
[Site "Radebeul"]
[Date "2016.06.30"]
[Round "5.2"]
[White "Gerhardt, Peter Michael"]
[Black "Kock, Hans Uwe"]
[Result "1/2-1/2"]
[WhiteElo "2026"]
[BlackElo "2004"]
[PlyCount "35"]
[EventDate "2016.06.26"]
[EventType "team-swiss"]
[EventRounds "9"]
[EventCountry "GER"]
[SourceTitle "CBM 173 Extra"]
[Source "ChessBase"]
[SourceDate "2016.08.29"]
[SourceVersion "1"]
[SourceVersionDate "2016.08.29"]
[SourceQuality "1"]
[WhiteTeam "Stoertebeker"]
[BlackTeam "Liechtenstein"]
[WhiteTeamCountry "GER"]
[BlackTeamCountry "LIE"]

1. d4 Nf6 2. c4 g6 3. Nc3 Bg7 4. e4 d6 5. f3 0-0 6. Be3 e5 7. d5 a5 8. Bd3 Na6 9. Nge2 Nc5 10. 0-0 Ne8 11. Bc2 f5 12. exf5 gxf5 13. Qd2 f4 14. Bf2 Nf6 15. a3 Ncd7 16. Bf5 Nc5 17. Bxc8 Qxc8 18. Bxc5 1/2-1/2

[Event "Bodensee op Seniors"]
[Site "Bregenz"]
[Date "2016.05.08"]
[Round "9"]
[White "Koch, Helmuth"]
[Black "Kock, Hans Uwe"]
[Result "0-1"]
[WhiteElo "1911"]
[BlackElo "1991"]
[PlyCount "54"]
[EventDate "2016.04.30"]
[EventType "swiss"]
[EventRounds "9"]
[EventCountry "AUT"]
[SourceTitle "CBM 172 Extra"]
[Source "ChessBase"]
[SourceDate "2016.06.21"]
[SourceVersion "1"]
[SourceVersionDate "2016.06.21"]
[SourceQuality "1"]

1. e4 c6 2. d4 d5 3. e5 Bf5 4. Nf3 e6 5. Be2 c5 6. Be3 Nd7 7. 0-0 Rc8 8. c4 cxd4 9. Bxd4 dxc4 10. Bxa7 b6 11. Nc3 Ne7 12. Qa4 Rc5 13. Nb5 Nc8 14. Nfd4 Be4 15. f3 Bd5 16. Rfd1 Nxa7 17. Qxa7 Nxe5 18. f4 Nd7 19. Bf3 Be7 20. a4 0-0 21. Bxd5 Rxd5 22. Nc6 Bc5+ 23. Kh1 Qc8 24. Nc7 Rd3 25. Rxd3 cxd3 26. Rd1 Bd6 27. Rxd3 Qxc7 0-1

[Event "Bodensee op Seniors"]
[Site "Bregenz"]
[Date "2016.05.04"]
[Round "5"]
[White "Tesar, Peter"]
[Black "Kock, Hans Uwe"]
[Result "0-1"]
[WhiteElo "1951"]
[BlackElo "1991"]
[PlyCount "72"]
[EventDate "2016.04.30"]
[EventType "swiss"]
[EventRounds "9"]
[EventCountry "AUT"]
[SourceTitle "CBM 172 Extra"]
[Source "ChessBase"]
[SourceDate "2016.06.21"]
[SourceVersion "1"]
[SourceVersionDate "2016.06.21"]
[SourceQuality "1"]

1. c4 Nf6 2. Nc3 c5 3. g3 Nc6 4. Bg2 e6 5. e3 Be7 6. Nge2 0-0 7. 0-0 d5 8. d3 d4 9. exd4 cxd4 10. Ne4 e5 11. Bg5 Nxe4 12. Bxe7 Qxe7 13. Bxe4 f5 14. Bg2 f4 15. f3 Qg5 16. Qd2 h6 17. Kh1 Qf6 18. Rad1 Be6 19. b4 g5 20. Ng1 Ne7 21. g4 Kg7 22. Nh3 Bf7 23. Nf2 Rae8 24. b5 Bg6 25. a4 Rh8 26. Kg1 h5 27. h3 Qd6 28. Rfe1 hxg4 29. hxg4 Ng8 30. Rc1 b6 31. a5 Nf6 32. axb6 axb6 33. Ra1 Re7 34. Ra4 Nd7 35. Ra6 Nc5 36. Raa1 Nb3 0-1

[Event "Feffernitz Raika op 23rd"]
[Site "Feffernitz"]
[Date "2014.08.17"]
[Round "2"]
[White "Kock, Hans Uwe"]
[Black "Polster, Wolfgang"]
[Result "0-1"]
[WhiteElo "2004"]
[BlackElo "2268"]
[PlyCount "90"]
[EventDate "2014.08.16"]
[EventType "swiss"]
[EventRounds "9"]
[EventCountry "AUT"]
[SourceTitle "CBM 161 Extra"]
[Source "ChessBase"]
[SourceDate "2014.08.29"]
[SourceVersion "1"]
[SourceVersionDate "2014.08.29"]
[SourceQuality "1"]

1. d4 Nf6 2. c4 e5 3. dxe5 Ng4 4. Nh3 Nxe5 5. e3 d6 6. Nf4 g6 7. Nc3 Bg7 8. Be2 Nbd7 9. Bd2 a5 10. Qc1 Nc5 11. Qc2 0-0 12. 0-0 Re8 13. b3 Nc6 14. Qd1 Bf5 15. f3 Ne5 16. e4 Bd7 17. Be3 Kh8 18. Qd2 f5 19. Nfd5 fxe4 20. fxe4 c6 21. Bg5 Qb8 22. Nf6 Rd8 23. Rad1 Be6 24. Qf4 Nf7 25. Bh4 Rf8 26. g4 Qc7 27. g5 Ne5 28. Qg3 Rf7 29. Rd2 Rd8 30. Nd1 Bxf6 31. Rxf6 Nxe4 32. Rxf7 Qxf7 33. Qxe5+ dxe5 34. Rxd8+ Kg7 35. Nf2 Qf4 36. Bg3 Nxg3 37. hxg3 Qxg3+ 38. Kf1 Qxg5 39. Rb8 Qe7 40. c5 Qc7 41. Ra8 e4 42. Nxe4 Qf4+ 43. Nf2 Qc1+ 44. Nd1 Bh3+ 45. Ke1 Qxc5 0-1

[Event "Liechtenstein Seniors op"]
[Site "Triesen"]
[Date "2014.05.30"]
[Round "8"]
[White "Kock, Hans Uwe"]
[Black "Mertens, Klaus"]
[Result "1/2-1/2"]
[WhiteElo "2025"]
[BlackElo "2020"]
[PlyCount "40"]
[EventDate "2014.05.23"]
[EventType "swiss"]
[EventRounds "9"]
[EventCountry "LIE"]
[SourceTitle "CBM 160 Extra"]
[Source "ChessBase"]
[SourceDate "2014.07.01"]
[SourceVersion "1"]
[SourceVersionDate "2014.07.01"]
[SourceQuality "1"]

1. d4 Nf6 2. c4 e6 3. Nf3 b6 4. g3 Bb7 5. Bg2 Bb4+ 6. Nbd2 a5 7. 0-0 0-0 8. a3 Be7 9. Re1 d5 10. cxd5 exd5 11. Ne5 Nbd7 12. Ndf3 Bd6 13. Bg5 Qe8 14. Rc1 Ne4 15. Bf4 Ndf6 16. Nd3 Qe7 17. Bxd6 Nxd6 18. Nfe5 Nf5 19. e3 Ne4 20. Rc2 f6 1/2-1/2

[Event "Merano Gold Cup 42nd"]
[Site "Merano"]
[Date "2014.04.25"]
[Round "1"]
[White "Kock, Hans Uwe"]
[Black "Schleime, Franz Josef"]
[Result "1-0"]
[WhiteElo "2028"]
[BlackElo "1749"]
[PlyCount "77"]
[EventDate "2014.04.25"]
[EventType "swiss"]
[EventRounds "9"]
[EventCountry "ITA"]
[SourceTitle "EXT 2015"]
[Source "ChessBase"]
[SourceDate "2014.11.20"]
[SourceVersion "1"]
[SourceVersionDate "2014.11.20"]
[SourceQuality "1"]

1. d4 Nf6 2. c4 e6 3. Nf3 c5 4. d5 b5 5. dxe6 fxe6 6. e3 bxc4 7. Bxc4 d5 8. Bd3 Bd6 9. Nc3 a6 10. e4 Nbd7 11. 0-0 0-0 12. exd5 exd5 13. Nxd5 Bb7 14. Bc4 Kh8 15. Ng5 Bxd5 16. Bxd5 Nxd5 17. Qxd5 Nf6 18. Qc4 Qe8 19. Qh4 h6 20. Nf3 Qg6 21. h3 Nd5 22. Qg4 Qxg4 23. hxg4 Rfe8 24. Rd1 Rad8 25. Rxd5 Bh2+ 26. Kxh2 Rxd5 27. Be3 c4 28. Rc1 Rc8 29. Nd2 Ra5 30. a3 c3 31. Nb1 c2 32. Nc3 Re5 33. Rxc2 Re4 34. Kg3 Rec4 35. Rd2 Rb8 36. Bf4 Rxb2 37. Rxb2 Rxc3+ 38. Be3 Rxa3 39. Rb7 1-0

[Event "EU Small Countries ol 3rd"]
[Site "Monte Carlo"]
[Date "2013.11.29"]
[Round "7"]
[White "De la Riva Aguado, Oscar"]
[Black "Kock, Hans Uwe"]
[Result "1-0"]
[WhiteElo "2531"]
[BlackElo "2022"]
[PlyCount "51"]
[EventDate "2013.11.25"]
[EventType "team-tourn"]
[EventRounds "9"]
[EventCountry "MNC"]
[SourceTitle "CBM 157 Extra"]
[Source "ChessBase"]
[SourceDate "2013.12.19"]
[SourceVersion "1"]
[SourceVersionDate "2013.12.19"]
[SourceQuality "1"]
[WhiteTeam "Andorra"]
[BlackTeam "Liechenstein"]
[WhiteTeamCountry "AND"]
[BlackTeamCountry "LIE"]

1. e4 c6 2. Nc3 d5 3. d4 g6 4. Nf3 Bg7 5. h3 e6 6. Bd3 Ne7 7. Bf4 0-0 8. 0-0 b6 9. Re1 Bb7 10. e5 Ba6 11. Qd2 Re8 12. Bg5 Bxd3 13. cxd3 Nd7 14. Rac1 Qb8 15. Qf4 Nf5 16. g4 h6 17. gxf5 hxg5 18. Qxg5 gxf5 19. Kh1 Nf8 20. Ne2 Qb7 21. Rg1 Ng6 22. h4 Qe7 23. Qg3 Qf8 24. h5 Rac8 25. hxg6 fxg6 26. Qxg6 1-0

[Event "SUI-ch Seniors"]
[Site "Graechen"]
[Date "2013.??.??"]
[Round "6"]
[White "Vucenovic, Dragomir"]
[Black "Kock, Hans Uwe"]
[Result "1-0"]
[WhiteElo "2271"]
[BlackElo "2005"]
[PlyCount "81"]
[EventDate "2013.07.11"]
[EventType "swiss"]
[EventRounds "7"]
[EventCountry "SUI"]
[SourceTitle "CBM 155 Extra"]
[Source "ChessBase"]
[SourceDate "2013.08.26"]
[SourceVersion "1"]
[SourceVersionDate "2013.08.26"]
[SourceQuality "1"]

1. d4 Nf6 2. Nf3 d6 3. g3 g6 4. Bg2 Bg7 5. 0-0 0-0 6. c4 a5 7. Nc3 Na6 8. b3 Bd7 9. h3 c5 10. e4 cxd4 11. Nxd4 Nc5 12. Be3 Ne8 13. Qd2 e6 14. Rad1 Qc8 15. Ndb5 Ra6 16. f4 f6 17. Kh2 Rf7 18. Qf2 Bf8 19. Rd2 Bc6 20. Rfd1 b6 21. f5 e5 22. Nd5 Bxd5 23. Rxd5 g5 24. Bf3 Rd7 25. Qd2 h6 26. h4 Ra8 27. Qc2 Qc6 28. Bxc5 bxc5 29. a4 Nc7 30. R5d2 Nxb5 31. cxb5 Qb7 32. Be2 Qb6 33. Bc4+ Kg7 34. Qd3 Be7 35. Be6 Rdd8 36. Qf3 Kh8 37. Qh5 Bf8 38. Qg6 Bg7 39. hxg5 fxg5 40. f6 Ra7 41. f7 1-0

[Event "Livigno op-A 3rd"]
[Site "Livigno"]
[Date "2012.09.12"]
[Round "4"]
[White "Kock, Hans Uwe"]
[Black "Stitterich, Nadine"]
[Result "1/2-1/2"]
[WhiteElo "2038"]
[BlackElo "2024"]
[PlyCount "114"]
[EventDate "2012.09.10"]
[EventType "swiss"]
[EventRounds "9"]
[EventCountry "ITA"]
[SourceTitle "CBM 150 Extra"]
[Source "ChessBase"]
[SourceDate "2012.10.19"]
[SourceVersion "1"]
[SourceVersionDate "2012.10.19"]
[SourceQuality "1"]

1. d4 d5 2. Nf3 c6 3. e3 Bf5 4. Nbd2 Nf6 5. c4 e6 6. Be2 Nbd7 7. Nh4 Bg6 8. Nxg6 hxg6 9. Qb3 Qc7 10. g3 0-0-0 11. cxd5 exd5 12. Bf3 Re8 13. Nf1 Ne4 14. Bxe4 Rxe4 15. Bd2 f5 16. 0-0-0 Qb6 17. Qxb6 axb6 18. Bc3 b5 19. b3 Nf6 20. f3 Re6 21. Rg1 Rh3 22. Rg2 g5 23. Re1 g4 24. Nd2 Be7 25. Kc2 g5 26. Ree2 Bd6 27. fxg4 Nxg4 28. Kd3 Rh8 29. Nf3 Be7 30. Ng1 Bd8 31. h3 Nf6 32. Be1 Rhe8 33. Rgf2 Ne4 34. Rxf5 Bc7 35. Nf3 g4 36. hxg4 Bxg3 37. Ng5 Rg6 38. Nxe4 dxe4+ 39. Kd2 Rxg4 40. Bxg3 Rxg3 41. Rf4 Re7 42. Ke1 Rf3 43. Rg4 Kd7 44. Kd2 Kd6 45. Reg2 Rh3 46. Rg6+ Re6 47. Rg7 Re7 48. Rxe7 Kxe7 49. Rg4 Rh2+ 50. Kc3 Rxa2 51. Rxe4+ Kd6 52. Rh4 Re2 53. e4 Re3+ 54. Kc2 b6 55. b4 c5 56. Rh6+ Kc7 57. bxc5 bxc5 1/2-1/2

[Event "Livigno op-A 3rd"]
[Site "Livigno"]
[Date "2012.09.11"]
[Round "2"]
[White "Kock, Hans Uwe"]
[Black "Bentivegna, Francesco"]
[Result "0-1"]
[WhiteElo "2038"]
[BlackElo "2319"]
[PlyCount "150"]
[EventDate "2012.09.10"]
[EventType "swiss"]
[EventRounds "9"]
[EventCountry "ITA"]
[SourceTitle "CBM 150 Extra"]
[Source "ChessBase"]
[SourceDate "2012.10.19"]
[SourceVersion "1"]
[SourceVersionDate "2012.10.19"]
[SourceQuality "1"]

1. d4 Nf6 2. c4 c5 3. d5 b5 4. Qc2 Bb7 5. e4 bxc4 6. Bxc4 e6 7. Nc3 Na6 8. Qe2 Nc7 9. Bf4 d6 10. Rd1 e5 11. Bg3 Be7 12. f4 exf4 13. Bxf4 0-0 14. Nf3 Nh5 15. Be3 Bf6 16. 0-0 Re8 17. Nd2 Bg5 18. Bxg5 Qxg5 19. Qf2 Nf6 20. Rde1 Qg6 21. Be2 Rad8 22. Qh4 Re7 23. Rf3 Qg4 24. Qf2 Qc8 25. Rg3 Nce8 26. Rf1 Ba6 27. Nc4 Bxc4 28. Bxc4 Ng4 29. Qf4 Ne5 30. Be2 Ng6 31. Qe3 Nf6 32. Rh3 Re5 33. Rg3 Rde8 34. Qf3 R8e7 35. Bd3 Qb8 36. Rf2 Nh5 37. Rh3 Nf6 38. Rg3 Rb7 39. Qe2 Rbe7 40. Qf3 Qb4 41. Re2 Nh5 42. Rg4 Qd4+ 43. Rf2 c4 44. Bf1 Nf6 45. Rg3 Nxe4 46. Nxe4 Rxe4 47. Qf5 Re1 48. Kh1 Qe4 49. Qxe4 R7xe4 50. Ra3 Re7 51. g3 Ne5 52. Kg2 Ng4 53. Rf4 Ne3+ 54. Kg1 g5 55. Rf3 Nxd5 56. Kf2 Nb6 57. Rf5 R1e5 58. Rf6 d5 59. Rd6 R5e6 60. Rd8+ Kg7 61. Kf3 h5 62. g4 Rf6+ 63. Kg2 h4 64. Rf3 Rxf3 65. Kxf3 Nd7 66. h3 d4 67. Kf2 d3 68. Bg2 Re2+ 69. Kf1 Ne5 70. Rd5 Kf6 71. Rd6+ Ke7 72. Ra6 Rxg2 73. Rxa7+ Ke6 74. Ra6+ Ke7 75. Ra7+ Nd7 0-1